Vista normal
Vista MARC
Entrada Materia (corporativa)
Número de registros utilizados en: 1
001 - CONTROL NUMBER
- control field: 83423
003 - CONTROL NUMBER IDENTIFIER
- control field: Co-BoUCM
005 - DATE AND TIME OF LATEST TRANSACTION
- control field: 20170118140511.0
008 - FIXED-LENGTH DATA ELEMENTS
- fixed length control field: 170118|| aca||aabn | a|a d
040 ## - CATALOGING SOURCE
- Original cataloging agency: Co-BoUCM
- Transcribing agency: Co-BoUCM
110 ## - HEADING--CORPORATE NAME
- Corporate name or jurisdiction name as entry element: Universidad Militar Nueva Granada.
- Subordinate unit: Instituto de estudios geoestratégicos y asuntos políticos
670 ## - SOURCE DATA FOUND
- Source citation: Work cat.: (Co-BoUCM)69473: Universidad Militar Nueva Granada. Instituto de estudios geoestratégicos y asuntos políticos, Memorias 2009, 2009